| 000 | 00456nam a22001817a 4500 | ||
|---|---|---|---|
| 005 | 20251108172935.0 | ||
| 008 | 250721s1996 xx 000 0 eng d | ||
| 082 | 1 | 4 | _a425/WOO |
| 100 | 1 | _awoods, edward | |
| 245 | 1 | 0 | _ausing english grammer : meaning and form / |
| 264 | 1 |
_aNEW YORK : _bphoenix elt, _c1996. |
|
| 300 | _a291P. | ||
| 650 | 1 | 7 | _aENGLISH LANGUAGE |
| 650 | 1 | 7 | _aGRAMMAR |
| 700 | 1 | _amcleod, nicole | |
| 942 |
_2ddc _cBK |
||
| 999 |
_c92366 _d92366 |
||